[Event "NAYCC U08"]
[Site "Toronto CAN"]
[Date "2013.08.14"]
[Round "1"]
[White "Ettibaryan, Hovanes"]
[Black "Pau, Ethan"]
[Result "0-1"]
[WhiteElo "873"]
[BlackElo "1535"]
[PlyCount "48"]
[GameId "2160767909229757"]
[EventDate "2013.08.14"]
[EventType "swiss"]
[EventRounds "9"]
[EventCountry "CAN"]
[SourceTitle "hb 2013"]

1. e4 c5 2. Nc3 d6 3. Nf3 Nc6 4. Bc4 g6 5. Ng5 Ne5 6. Nxf7 Nxf7 7. Qf3 Ne5 8. Qe3 Nxc4 9. Qd3 Ne5 10. Qd5 Nf6 11. Qxe5 dxe5 12. d3 Ng4 13. Bd2 Qd4 14. Ne2 Qd7 15. c4 a6 16. Nc3 Qd4 17. Ke2 Qxf2+ 18. Kd1 Ne3+ 19. Kc1 Nxg2 20. Kc2 Ne3+ 21. Kb3 Qxd2 22. Na4 Qxd3+ 23. Nc3 Qxc4+ 24. Ka3 Nc2# 0-1

[Event "NAYCC U08"]
[Site "Toronto CAN"]
[Date "2013.08.14"]
[Round "1"]
[White "Guipi Bopala, Prince Eric jr"]
[Black "Lu, Maximillian"]
[Result "0-1"]
[WhiteElo "930"]
[BlackElo "1655"]
[PlyCount "64"]
[GameId "2160767909229758"]
[EventDate "2013.08.14"]
[EventType "swiss"]
[EventRounds "9"]
[EventCountry "CAN"]
[SourceTitle "hb 2013"]

1. d4 d5 2. c4 c6 3. Nc3 Nf6 4. Nf3 a6 5. e3 e6 6. Be2 Be7 7. O-O O-O 8. Bd2 dxc4 9. Bxc4 b5 10. Bd3 Bb7 11. Bb1 Nbd7 12. Qc2 c5 13. Ng5 h6 14. Nh7 Re8 15. Nxf6+ Nxf6 16. dxc5 Bxc5 17. e4 e5 18. Rd1 Qb6 19. Rf1 Rac8 20. a3 Bd4 21. Qb3 Bxc3 22. Bxc3 Bxe4 23. Ba2 Bd5 24. Qb4 Bxa2 25. Rxa2 Nd5 26. Qb3 Nxc3 27. bxc3 Rc4 28. Rd1 Rec8 29. Rc2 Qa5 30. Rdc1 Qa4 31. Qxa4 Rxa4 32. Ra1 b4 0-1

[Event "NAYCC U08"]
[Site "Toronto CAN"]
[Date "2013.08.14"]
[Round "1"]
[White "Hawthorn, Henry"]
[Black "Luo, Owen"]
[Result "1-0"]
[WhiteElo "1668"]
[BlackElo "571"]
[PlyCount "51"]
[GameId "2160767909229759"]
[EventDate "2013.08.14"]
[EventType "swiss"]
[EventRounds "9"]
[EventCountry "CAN"]
[SourceTitle "hb 2013"]

1. d4 g6 2. c4 Bg7 3. Nc3 f5 4. Nf3 d6 5. Bg5 Be6 6. d5 Bd7 7. g3 e6 8. Bxd8 Kxd8 9. dxe6 Bxe6 10. e3 Nc6 11. Ng5 Kd7 12. Nxe6 Kxe6 13. Bg2 Be5 14. Qb3 Rb8 15. Bxc6 Ne7 16. Bg2 Nc6 17. O-O-O Na5 18. Qc2 Nxc4 19. Bd5+ Kd7 20. Bxc4 Rbd8 21. Qb3 Kc8 22. Be6+ Kb8 23. Bd5 Kc8 24. Bxb7+ Kb8 25. Ba6+ Ka8 26. Qb7# 1-0

[Event "NAYCC U08"]
[Site "Toronto CAN"]
[Date "2013.08.14"]
[Round "1"]
[White "Hua, Charles"]
[Black "Guo, Roger"]
[Result "1-0"]
[WhiteElo "1440"]
[BlackElo "636"]
[PlyCount "63"]
[GameId "2160767909229760"]
[EventDate "2013.08.14"]
[EventType "swiss"]
[EventRounds "9"]
[EventCountry "CAN"]
[SourceTitle "hb 2013"]

1. e4 c5 2. c3 Nc6 3. d4 cxd4 4. cxd4 Nf6 5. Nc3 g6 6. Nf3 Bg7 7. Bc4 O-O 8. e5 Nh5 9. g4 d5 10. Bxd5 Bxg4 11. h3 Bf5 12. Be3 e6 13. Bb3 Nb4 14. Qd2 a5 15. O-O-O a4 16. Bxa4 Rc8 17. Bb3 Qa5 18. a3 Qa4 19. Rde1 Qxb3 20. axb4 Rc7 21. Nh4 Be4 22. f3 Bc6 23. Kb1 h6 24. Bxh6 Bxh6 25. Qxh6 g5 26. Qxg5+ Ng7 27. Rhg1 f5 28. exf6 Rff7 29. fxg7 Rxg7 30. Qd8+ Kh7 31. Ng6 Bxf3 32. Qh8# 1-0

[Event "NAYCC U08"]
[Site "Toronto CAN"]
[Date "2013.08.14"]
[Round "1"]
[White "Hung, Daniel1"]
[Black "Kong, Brandon"]
[Result "1-0"]
[WhiteElo "1598"]
[BlackElo "832"]
[PlyCount "113"]
[GameId "2160767909229761"]
[EventDate "2013.08.14"]
[EventType "swiss"]
[EventRounds "9"]
[EventCountry "CAN"]
[SourceTitle "EXT 2022"]
[Source "ChessBase"]
[SourceDate "2021.10.06"]
[SourceVersion "1"]
[SourceVersionDate "2021.10.06"]
[SourceQuality "1"]

1. e4 c5 2. Nc3 e5 3. Nf3 Nc6 4. Bc4 Be7 5. d3 Nf6 6. O-O O-O 7. h3 d6 8. Nd5 Be6 9. Nxe7+ Nxe7 10. Bxe6 fxe6 11. c3 Nc6 12. Be3 d5 13. Bxc5 Rf7 14. Ng5 Rd7 15. Nxe6 Qe8 16. exd5 Nxd5 17. Ng5 Nf4 18. Qb3+ Kh8 19. Be3 Qg6 20. Bxf4 exf4 21. h4 h6 22. Qe6 Qxd3 23. Nf7+ Kh7 24. Ne5 Nxe5 25. Qxe5 Rf8 26. Rfe1 Rf5 27. Qe4 Qb5 28. a4 Qc5 29. b4 Qd5 30. Qxd5 Rdxd5 31. Rad1 Rxd1 32. Rxd1 Rh5 33. Rd7 Rxh4 34. Rxb7 a5 35. bxa5 f3 36. Rb4 Rh5 37. gxf3 Rxa5 38. Kf1 g5 39. f4 gxf4 40. Rxf4 Kg6 41. Rb4 Kg5 42. Rb5+ Rxb5 43. axb5 h5 44. b6 h4 45. b7 h3 46. b8=Q Kg4 47. Qg8+ Kf3 48. Qg3+ Ke4 49. Qxh3 Kd5 50. Qd3+ Kc5 51. c4 Kc6 52. Qd5+ Kc7 53. c5 Kc8 54. c6 Kc7 55. f4 Kc8 56. Qd7+ Kb8 57. Qb7# 1-0

[Event "NAYCC U08"]
[Site "Toronto CAN"]
[Date "2013.08.14"]
[Round "1"]
[White "Jeyakumar, Bhavatharshan"]
[Black "Bhanji, Areez"]
[Result "1/2-1/2"]
[WhiteElo "558"]
[BlackElo "204"]
[PlyCount "43"]
[GameId "2160767909229762"]
[EventDate "2013.08.14"]
[EventType "swiss"]
[EventRounds "9"]
[EventCountry "CAN"]
[SourceTitle "hb 2013"]

1. e4 e5 2. Nf3 Nc6 3. Bb5 Nf6 4. Bxc6 bxc6 5. Nxe5 Bc5 6. d4 Bb4+ 7. Nc3 Bxc3+ 8. bxc3 O-O 9. O-O Ng4 10. Qxg4 Ba6 11. Re1 Qf6 12. Bg5 Qd6 13. h3 Rab8 14. c4 f6 15. c5 Qe7 16. Nxd7 fxg5 17. Nxf8 Rxf8 18. d5 Qf7 19. d6 Qxf2+ 20. Kh1 Bc8 21. Qxg5 Re8 22. dxc7 1/2-1/2

[Event "NAYCC U08"]
[Site "Toronto CAN"]
[Date "2013.08.14"]
[Round "1"]
[White "Kulic, Mateo"]
[Black "Tang, Andrew"]
[Result "0-1"]
[WhiteElo "769"]
[BlackElo "1593"]
[PlyCount "108"]
[GameId "2160767909229763"]
[EventDate "2013.08.14"]
[EventType "swiss"]
[EventRounds "9"]
[EventCountry "CAN"]
[SourceTitle "hb 2013"]

1. e4 c5 2. Nf3 d6 3. d4 cxd4 4. Nxd4 Nf6 5. Nc3 g6 6. Bc4 Bg7 7. O-O O-O 8. Be3 a6 9. a3 Nbd7 10. Qd2 Re8 11. Bh6 Bh8 12. Rfe1 b5 13. Ba2 Bb7 14. Nf5 Nc5 15. Bd5 Nxd5 16. exd5 Bf6 17. Bg5 gxf5 18. Bxf6 exf6 19. Rxe8+ Qxe8 20. Re1 Qd7 21. Qh6 Re8 22. Rxe8+ Qxe8 23. h3 Bc8 24. Qxf6 Qe1+ 25. Kh2 Qe5+ 26. Qxe5 dxe5 27. g4 fxg4 28. hxg4 Bxg4 29. Kg3 Bf5 30. d6 Kf8 31. b4 Ne4+ 32. Nxe4 Bxe4 33. d7 Ke7 34. f3 Bxc2 35. d8=Q+ Kxd8 36. Kf2 Kc7 37. Ke3 Kb6 38. Kd2 Bg6 39. Ke3 a5 40. f4 exf4+ 41. Kxf4 axb4 42. axb4 Kc6 43. Ke5 h5 44. Kf4 Kd5 45. Ke3 h4 46. Kf2 Kc4 47. Kg2 Kxb4 48. Kh3 Kc3 49. Kxh4 Bh5 50. Kxh5 b4 51. Kg5 b3 52. Kf6 b2 53. Kxf7 b1=Q 54. Ke6 Kd4 0-1

[Event "NAYCC U08"]
[Site "Toronto CAN"]
[Date "2013.08.14"]
[Round "1"]
[White "Lalwani, Jay"]
[Black "Xu, Sivan"]
[Result "1-0"]
[WhiteElo "1509"]
[BlackElo "694"]
[PlyCount "93"]
[GameId "2160767909250244"]
[EventDate "2013.08.14"]
[EventType "swiss"]
[EventRounds "9"]
[EventCountry "CAN"]
[SourceTitle "hb 2013"]

1. e4 c5 2. Nf3 Nc6 3. d4 d6 4. dxc5 dxc5 5. Qxd8+ Nxd8 6. Bc4 Nf6 7. Nc3 Nc6 8. Ng5 Be6 9. Nxe6 fxe6 10. Bxe6 Nd4 11. Bb3 c4 12. Ba4+ b5 13. Bxb5+ Nxb5 14. Nxb5 Rc8 15. Nxa7 Rc7 16. Nb5 Rc5 17. Nc3 e5 18. Be3 Rc7 19. O-O Bc5 20. Bxc5 Rxc5 21. a4 O-O 22. Rfd1 Ra8 23. Rd6 Ne8 24. Rd5 Rca5 25. Rxa5 Rxa5 26. Nd5 h6 27. Nb6 Nd6 28. f3 Nb5 29. Nxc4 Ra6 30. Nxe5 Re6 31. axb5 Rxe5 32. c4 Rc5 33. b3 Kf7 34. b6 Rc8 35. Ra7+ Ke6 36. Rc7 Rb8 37. b7 g5 38. c5 g4 39. c6 gxf3 40. Rc8 Kd6 41. Rxb8 Kxc6 42. e5 fxg2 43. e6 Kd6 44. Rc8 Kxe6 45. b8=Q Kd5 46. Rc4 h5 47. Qb5+ 1-0

[Event "NAYCC U08"]
[Site "Toronto CAN"]
[Date "2013.08.14"]
[Round "1"]
[White "Lu, Michael"]
[Black "Sun, Frank"]
[Result "0-1"]
[WhiteElo "356"]
[BlackElo "1097"]
[PlyCount "66"]
[GameId "2160767909250245"]
[EventDate "2013.08.14"]
[EventType "swiss"]
[EventRounds "9"]
[EventCountry "CAN"]
[SourceTitle "hb 2013"]

1. Nf3 d5 2. g3 Nc6 3. Bg2 e5 4. O-O e4 5. Ne1 Bc5 6. d3 exd3 7. Nxd3 Bd4 8. Nc3 Bxc3 9. bxc3 d4 10. cxd4 Nxd4 11. Bf4 Nf6 12. c3 Nc6 13. Qb3 O-O 14. Rad1 Be6 15. Qb2 Qe7 16. Qxb7 Bxa2 17. Bxc7 Be6 18. Nc5 Qxc5 19. Bd6 Qxc3 20. Bxf8 Rxf8 21. Bxc6 a5 22. Rfe1 h6 23. Rc1 Qd4 24. Red1 Qg4 25. Bf3 Qh3 26. Bg2 Qh5 27. f3 Bc8 28. Rxc8 Rxc8 29. Qxc8+ Kh7 30. Qc2+ g6 31. f4 Ng4 32. Rd7 Qxh2+ 33. Kf1 Ne3+ 0-1

[Event "NAYCC U08"]
[Site "Toronto CAN"]
[Date "2013.08.14"]
[Round "1"]
[White "Makaveev, Martin"]
[Black "Medina, Benjamin R"]
[Result "0-1"]
[WhiteElo "836"]
[BlackElo "1606"]
[PlyCount "100"]
[GameId "2160767909250246"]
[EventDate "2013.08.14"]
[EventType "swiss"]
[EventRounds "9"]
[EventCountry "CAN"]
[SourceTitle "EXT 2022"]
[Source "ChessBase"]
[SourceDate "2021.10.06"]
[SourceVersion "1"]
[SourceVersionDate "2021.10.06"]
[SourceQuality "1"]

1. e4 c6 2. Nf3 d5 3. Nc3 d4 4. Ne2 c5 5. c3 Nc6 6. Nexd4 cxd4 7. cxd4 Nxd4 8. Nxd4 Qxd4 9. d3 e5 10. Be3 Qxb2 11. Rc1 Bb4+ 12. Bd2 Bxd2+ 13. Qxd2 Qxd2+ 14. Kxd2 Ne7 15. Be2 Nc6 16. Bg4 Bxg4 17. d4 exd4 18. f3 Be6 19. f4 Bxa2 20. f5 f6 21. Rc2 Bf7 22. g4 d3 23. Kxd3 Nb4+ 24. Kd2 Nxc2 25. Kxc2 Rc8+ 26. Kd2 O-O 27. h4 Rfd8+ 28. Ke3 Rc3+ 29. Kf4 Rdd3 30. Rf1 h5 31. g5 Rf3+ 32. Rxf3 Rxf3+ 33. Kxf3 a5 34. Ke2 a4 35. Kd1 b5 36. gxf6 gxf6 37. Kc2 b4 38. Kb2 a3+ 39. Ka1 b3 40. Kb1 Bc4 41. Ka1 b2+ 42. Kb1 Bd3+ 43. Ka2 Bxe4 44. Kxa3 b1=Q 45. Ka4 Bc2+ 46. Ka5 Bd3 47. Ka4 Qb5+ 48. Ka3 Bc2 49. Ka2 Qb1+ 50. Ka3 Qb3# 0-1

[Event "NAYCC U08"]
[Site "Toronto CAN"]
[Date "2013.08.14"]
[Round "1"]
[White "Mo, Aidan"]
[Black "Bayaraa, Chinguun"]
[Result "0-1"]
[WhiteElo "1002"]
[BlackElo "1729"]
[PlyCount "80"]
[GameId "2160767909250247"]
[EventDate "2013.08.14"]
[EventType "swiss"]
[EventRounds "9"]
[EventCountry "CAN"]
[SourceTitle "hb 2013"]

1. e4 c5 2. Nf3 d6 3. d4 cxd4 4. Nxd4 Nf6 5. Nc3 g6 6. Be2 Bg7 7. Be3 O-O 8. Qd2 Nc6 9. Nb3 b6 10. O-O-O Bb7 11. f3 Rc8 12. h4 Ne5 13. h5 Nxh5 14. g4 Ng3 15. Bh6 Nxh1 16. Rxh1 Bh8 17. Bxf8 Qxf8 18. Qg5 Bf6 19. Qf4 Nd7 20. Qh2 Qg7 21. Nd1 Nc5 22. f4 Nxb3+ 23. axb3 Bxe4 24. Ba6 Rxc2+ 25. Qxc2 Bxc2 26. Kxc2 g5 27. f5 Be5 28. Nc3 Bxc3 29. bxc3 Qe5 30. Rd1 Qe4+ 31. Bd3 Qxg4 32. Re1 Kf8 33. f6 exf6 34. Bxh7 f5 35. Rd1 Kg7 36. Bxf5 Qxf5+ 37. Kb2 g4 38. Rxd6 g3 39. Rd2 Qf2 40. Rxf2 gxf2 0-1

[Event "NAYCC U08"]
[Site "Toronto CAN"]
[Date "2013.08.14"]
[Round "1"]
[White "Palusa, Maurya"]
[Black "Zhu, Max"]
[Result "1-0"]
[WhiteElo "1624"]
[BlackElo "880"]
[PlyCount "83"]
[GameId "2160767909250249"]
[EventDate "2013.08.14"]
[EventType "swiss"]
[EventRounds "9"]
[EventCountry "CAN"]
[SourceTitle "hb 2013"]

1. e4 e5 2. Nf3 Nc6 3. Bb5 Bc5 4. O-O Nf6 5. Re1 d6 6. c3 a6 7. Ba4 b5 8. Bb3 O-O 9. d4 Bb6 10. a4 bxa4 11. Bxa4 Bb7 12. Bg5 h6 13. Bh4 exd4 14. cxd4 Re8 15. d5 Qd7 16. Bxf6 gxf6 17. Qc2 Qg4 18. dxc6 Bc8 19. Nc3 Qg7 20. Nd5 Bg4 21. Nh4 Rab8 22. Qc3 Re6 23. h3 Qg5 24. Qg3 Bh5 25. Qxg5+ fxg5 26. Nf5 Ba5 27. b4 Bxb4 28. Reb1 a5 29. Nd4 Re5 30. Nf6+ Kh8 31. Nxh5 Rxe4 32. Nb5 Re7 33. Nf6 Bc5 34. Nd5 Re2 35. Nbxc7 Rxb1+ 36. Rxb1 Rxf2 37. Na6 Bd4 38. Kh1 Rf5 39. c7 Rxd5 40. c8=Q+ Kg7 41. Bb3 Re5 42. Qd7 1-0

[Event "NAYCC U08"]
[Site "Toronto CAN"]
[Date "2013.08.14"]
[Round "1"]
[White "Polavaram, Rithik S"]
[Black "Radin, Andrew"]
[Result "1/2-1/2"]
[WhiteElo "1562"]
[BlackElo "766"]
[PlyCount "43"]
[GameId "2160767909250250"]
[EventDate "2013.08.14"]
[EventType "swiss"]
[EventRounds "9"]
[EventCountry "CAN"]
[SourceTitle "EXT 2022"]
[Source "ChessBase"]
[SourceDate "2021.10.06"]
[SourceVersion "1"]
[SourceVersionDate "2021.10.06"]
[SourceQuality "1"]

1. d4 d5 2. c4 e6 3. Nc3 Nf6 4. cxd5 Bb4 5. Nf3 Nxd5 6. Bd2 Nxc3 7. bxc3 Bd6 8. e4 Nc6 9. e5 Ba3 10. d5 exd5 11. Bd3 Ne7 12. O-O Bg4 13. Be2 Qd7 14. h3 Bxf3 15. Bxf3 Bc5 16. Rb1 b6 17. Bg4 Qd8 18. c4 O-O 19. Bc3 Ng6 20. Rb3 Nf4 21. cxd5 h6 22. Qb1 1/2-1/2

[Event "NAYCC U08"]
[Site "Toronto CAN"]
[Date "2013.08.14"]
[Round "1"]
[White "Rusonik, Max"]
[Black "Low, Kevin"]
[Result "0-1"]
[WhiteElo "650"]
[BlackElo "1451"]
[PlyCount "42"]
[GameId "2160767909250251"]
[EventDate "2013.08.14"]
[EventType "swiss"]
[EventRounds "9"]
[EventCountry "CAN"]
[SourceTitle "hb 2013"]

1. e4 d6 2. d4 Nf6 3. Nc3 e5 4. d5 Be7 5. Nf3 O-O 6. Bd3 c6 7. Bc4 Nbd7 8. O-O Qc7 9. Qe2 h6 10. Be3 Re8 11. a3 Nf8 12. h3 Ng6 13. Rad1 a5 14. b4 axb4 15. axb4 Bd7 16. b5 c5 17. Rb1 b6 18. Rfd1 Nh5 19. Nxe5 Nxe5 20. Qxh5 Nxc4 21. f4 Nxe3 0-1

[Event "NAYCC U08"]
[Site "Toronto CAN"]
[Date "2013.08.14"]
[Round "1"]
[White "Shi, Stephen"]
[Black "Zhao, Jonathan"]
[Result "0-1"]
[WhiteElo "581"]
[BlackElo "1196"]
[PlyCount "78"]
[GameId "2160767909250252"]
[EventDate "2013.08.14"]
[EventType "swiss"]
[EventRounds "9"]
[EventCountry "CAN"]
[SourceTitle "hb 2013"]

1. e4 e5 2. Bc4 Nf6 3. Qe2 Bc5 4. d3 h6 5. Nf3 d6 6. O-O Bg4 7. Nc3 O-O 8. Be3 Bb6 9. Bxb6 axb6 10. Bb5 Nc6 11. Nd5 Nd4 12. Nxf6+ Qxf6 13. Qe3 Nxb5 14. c4 Bxf3 15. Qxf3 Qxf3 16. gxf3 Nd4 17. Kg2 f5 18. exf5 Rxf5 19. b3 Rxf3 20. Rfe1 Rxd3 21. Re3 Rxe3 22. fxe3 Nc2 23. Rd1 Nxe3+ 24. Kf2 Nxd1+ 25. Ke2 Nc3+ 26. Kd2 Rxa2+ 27. Kxc3 Rxh2 28. b4 Rf2 29. Kd3 h5 30. Ke3 Rf8 31. Ke4 c6 32. Kd3 h4 33. Ke2 h3 34. Ke1 h2 35. b5 h1=Q+ 36. Ke2 Qf3+ 37. Kd2 Qg3 38. bxc6 Rf2+ 39. Ke1 Qg1# 0-1

[Event "NAYCC U08"]
[Site "Toronto CAN"]
[Date "2013.08.14"]
[Round "1"]
[White "Sydykhanov, Arman"]
[Black "Noorali, Aahil"]
[Result "0-1"]
[WhiteElo "620"]
[BlackElo "1332"]
[PlyCount "24"]
[GameId "2160767909250253"]
[EventDate "2013.08.14"]
[EventType "swiss"]
[EventRounds "9"]
[EventCountry "CAN"]
[SourceTitle "hb 2013"]

1. e4 e5 2. Nf3 Nc6 3. Bc4 Bc5 4. Nc3 Nf6 5. d3 d6 6. Bg5 Be6 7. Bb3 O-O 8. O-O h6 9. Bh4 Nd4 10. Nxd4 Bxd4 11. Qf3 g5 12. Bg3 Bg4 0-1

[Event "NAYCC U08"]
[Site "Toronto CAN"]
[Date "2013.08.14"]
[Round "1"]
[White "Trakru, Rohun"]
[Black "Whittingham, Dieter"]
[Result "1-0"]
[WhiteElo "1372"]
[BlackElo "625"]
[PlyCount "117"]
[GameId "2160767909250255"]
[EventDate "2013.08.14"]
[EventType "swiss"]
[EventRounds "9"]
[EventCountry "CAN"]
[SourceTitle "hb 2013"]

1. e4 e5 2. Nf3 Nf6 3. Nxe5 d6 4. Nf3 Nxe4 5. Qe2 Qe7 6. d3 Nf6 7. Qxe7+ Bxe7 8. Nc3 O-O 9. Be2 Nh5 10. Nd4 Nf6 11. Ndb5 Bd8 12. Bg5 Nbd7 13. O-O-O a6 14. Nd4 Nc5 15. h4 b5 16. Bf3 Rb8 17. Nc6 Rb6 18. Bxf6 Bxf6 19. Nd5 Rb7 20. Nxf6+ Kh8 21. Nd5 Bd7 22. Nd4 Rc8 23. Ne7 Rcb8 24. Bxb7 Rxb7 25. Nd5 a5 26. Rhe1 b4 27. Re2 Ne6 28. Nxe6 Bxe6 29. Kb1 h5 30. Nf4 Bd7 31. Re7 Bc6 32. f3 a4 33. Nxh5 b3 34. axb3 axb3 35. cxb3 Rxb3 36. Rxc7 Bb5 37. Rc3 Rb4 38. Re1 Rd4 39. Kc2 Ba4+ 40. Kd2 Rxh4 41. Rc4 Rxh5 42. Rxa4 Rh2 43. Re2 Kg8 44. Ra8+ Kh7 45. g3 Rh3 46. Rg2 Kg6 47. Ra6 Rh5 48. Rxd6+ f6 49. b4 Rf5 50. f4 Kh6 51. Ke3 Rb5 52. Rd4 Kg6 53. g4 Kf7 54. g5 f5 55. Rd7+ Ke6 56. Rxg7 Rxb4 57. g6 Rb8 58. Rh7 Rg8 59. g7 1-0

[Event "NAYCC U08"]
[Site "Toronto CAN"]
[Date "2013.08.14"]
[Round "1"]
[White "Wu, Nicholas"]
[Black "Liu, Owen"]
[Result "1-0"]
[WhiteElo "1194"]
[BlackElo "571"]
[PlyCount "34"]
[GameId "2160767909250256"]
[EventDate "2013.08.14"]
[EventType "swiss"]
[EventRounds "9"]
[EventCountry "CAN"]
[SourceTitle "hb 2013"]

1. e4 e5 2. Nf3 Nc6 3. Bc4 Nf6 4. d3 Bc5 5. O-O O-O 6. Bg5 d6 7. Nc3 Bg4 8. Nd5 Nd4 9. Nxf6+ Kh8 10. Nxg4 Qd7 11. Nxd4 Bxd4 12. c3 Bc5 13. Ne3 h6 14. Bh4 c6 15. d4 exd4 16. cxd4 d5 17. exd5 cxd5 1-0

[Event "NAYCC U08"]
[Site "Toronto CAN"]
[Date "2013.08.14"]
[Round "1"]
[White "Xu, Bernie"]
[Black "Mills, Torin"]
[Result "1-0"]
[WhiteElo "1123"]
[BlackElo "626"]
[PlyCount "47"]
[GameId "2160767909250257"]
[EventDate "2013.08.14"]
[EventType "swiss"]
[EventRounds "9"]
[EventCountry "CAN"]
[SourceTitle "hb 2013"]

1. d4 Nf6 2. c4 d5 3. cxd5 Nxd5 4. e4 Nf6 5. Bd3 Nc6 6. d5 Nd4 7. Nf3 Nxf3+ 8. Qxf3 Bg4 9. Qe3 e5 10. O-O Bd6 11. Bb5+ Bd7 12. Bxd7+ Qxd7 13. Nc3 Qe7 14. Qg5 O-O 15. f4 exf4 16. Bxf4 Bxf4 17. Qxf4 Rac8 18. Nb5 c6 19. Nd6 Rcd8 20. Nf5 Qc5+ 21. Kh1 Qb4 22. Qg5 g6 23. Nh6+ Kh8 24. Qxf6# 1-0

[Event "NAYCC U08"]
[Site "Toronto CAN"]
[Date "2013.08.14"]
[Round "1"]
[White "Xu, Derrick"]
[Black "Issani, Nameer"]
[Result "0-1"]
[WhiteElo "627"]
[BlackElo "1425"]
[PlyCount "44"]
[GameId "2160767909250258"]
[EventDate "2013.08.14"]
[EventType "swiss"]
[EventRounds "9"]
[EventCountry "CAN"]
[SourceTitle "hb 2013"]

1. d4 Nf6 2. e3 e6 3. c3 d5 4. Bd3 Nbd7 5. Nf3 c5 6. c4 Nb6 7. dxc5 Bxc5 8. Nc3 dxc4 9. Bxc4 Qxd1+ 10. Nxd1 Nxc4 11. b3 Bb4+ 12. Bd2 Nxd2 13. Nxd2 Ne4 14. O-O Nxd2 15. Re1 Nxb3 16. axb3 Bxe1 17. Ra4 Bd7 18. Rd4 Rc8 19. Kf1 Ba5 20. Kg1 Rc1 21. h3 Bc7 22. Rg4 Rxd1# 0-1

[Event "NAYCC U08"]
[Site "Toronto CAN"]
[Date "2013.08.15"]
[Round "2"]
[White "Bayaraa, Chinguun"]
[Black "Hua, Charles"]
[Result "1-0"]
[WhiteElo "1729"]
[BlackElo "1440"]
[PlyCount "65"]
[GameId "2160767909250259"]
[EventDate "2013.08.14"]
[EventType "swiss"]
[EventRounds "9"]
[EventCountry "CAN"]

1. d4 d5 2. c4 c6 3. Nc3 Nf6 4. Nf3 e6 5. Bg5 Nbd7 6. e3 Qc7 7. Rc1 Bb4 8. Bd3 dxc4 9. Bxc4 Ne4 10. Bf4 Qa5 11. Qc2 Nxc3 12. bxc3 Ba3 13. Rb1 Nb6 14. Bb3 Nd5 15. Bxd5 cxd5 16. O-O O-O 17. Ng5 f5 18. c4 b6 19. cxd5 Qxd5 20. Be5 Bb7 21. e4 fxe4 22. Qc7 Qxe5 23. Qxe5 h6 24. Nxe4 Rf7 25. d5 Rd7 26. Rfd1 Re8 27. Qh5 Rde7 28. Rb3 Bc5 29. Nxc5 bxc5 30. dxe6 Rxe6 31. Rxb7 Re2 32. Qf7+ Kh8 33. Qxg7# 1-0

[Event "NAYCC U08"]
[Site "Toronto CAN"]
[Date "2013.08.15"]
[Round "2"]
[White "Bhanji, Areez"]
[Black "Polavaram, Rithik S"]
[Result "0-1"]
[WhiteElo "204"]
[BlackElo "1562"]
[PlyCount "52"]
[GameId "2160767909250260"]
[EventDate "2013.08.14"]
[EventType "swiss"]
[EventRounds "9"]
[EventCountry "CAN"]
[SourceTitle "EXT 2022"]
[Source "ChessBase"]
[SourceDate "2021.10.06"]
[SourceVersion "1"]
[SourceVersionDate "2021.10.06"]
[SourceQuality "1"]

1. e4 e5 2. Nf3 Nc6 3. Bc4 Bc5 4. O-O Nf6 5. Nc3 O-O 6. d3 d6 7. Bg5 h6 8. Bxf6 Qxf6 9. Nd5 Qd8 10. h3 Nd4 11. Nxd4 Bxd4 12. Qg4 Bxg4 13. hxg4 c6 14. Nc3 a5 15. Ne2 Ba7 16. Ng3 b5 17. Bxf7+ Rxf7 18. Nf5 Kh7 19. Rad1 g6 20. Nh4 Qxh4 21. Rd2 Raf8 22. c4 Bxf2+ 23. Rfxf2 Rxf2 24. Rxf2 Rxf2 25. cxb5 Qg3 26. b6 Qxg2# 0-1

[Event "NAYCC U08"]
[Site "Toronto CAN"]
[Date "2013.08.15"]
[Round "2"]
[White "Gan, David"]
[Black "Lalwani, Jay"]
[Result "0-1"]
[WhiteElo "731"]
[BlackElo "1509"]
[PlyCount "130"]
[GameId "2160767909250263"]
[EventDate "2013.08.14"]
[EventType "swiss"]
[EventRounds "9"]
[EventCountry "CAN"]
[SourceTitle "EXT 2022"]
[Source "ChessBase"]
[SourceDate "2021.10.06"]
[SourceVersion "1"]
[SourceVersionDate "2021.10.06"]
[SourceQuality "1"]

1. e4 c5 2. Nf3 d6 3. d4 cxd4 4. Nxd4 Nf6 5. Nc3 a6 6. h3 e5 7. Nf3 b5 8. a3 Bb7 9. Bd3 Nbd7 10. O-O Nc5 11. Re1 Be7 12. b4 Ne6 13. Re3 O-O 14. Bb2 Nf4 15. Ne2 Nxe2+ 16. Bxe2 Nxe4 17. Bd3 Nf6 18. Qe2 Nd5 19. Re4 Nf4 20. Qe1 Bxe4 21. Qxe4 f5 22. Qe3 Nd5 23. Qe2 e4 24. Bxe4 fxe4 25. Qxe4 Nf6 26. Qe6+ Kh8 27. Ng5 Qe8 28. Qf5 Qg6 29. Qxg6 hxg6 30. Ne6 Rfc8 31. Rc1 a5 32. c3 axb4 33. cxb4 Rxc1+ 34. Bxc1 Ne4 35. Bb2 Nd2 36. Bxg7+ Kg8 37. Bb2 Nc4 38. Nc7 Ra4 39. Bd4 Nxa3 40. Nd5 Kf7 41. f4 Nc2 42. Bc3 Ke6 43. Nxe7 Kxe7 44. g4 Nxb4 45. h4 Nd3 46. h5 Nxf4 47. Kf2 gxh5 48. gxh5 Nxh5 49. Ke2 b4 50. Bd4 b3 51. Kd2 Rxd4+ 52. Kc3 b2 53. Kxb2 Rc4 54. Kb3 Rc8 55. Kb4 d5 56. Kb5 Kd6 57. Kb6 Rb8+ 58. Ka5 Kc5 59. Ka4 Kc4 60. Ka5 Nf6 61. Ka6 Nd7 62. Ka7 Kc5 63. Ka6 d4 64. Ka7 Kc6 65. Ka6 Ra8# 0-1

[Event "NAYCC U08"]
[Site "Toronto CAN"]
[Date "2013.08.15"]
[Round "2"]
[White "Issani, Nameer"]
[Black "Chor, Kevin"]
[Result "1-0"]
[WhiteElo "1425"]
[BlackElo "1781"]
[PlyCount "117"]
[GameId "2160767909250264"]
[EventDate "2013.08.14"]
[EventType "swiss"]
[EventRounds "9"]
[EventCountry "CAN"]
[SourceTitle "EXT 2022"]
[Source "ChessBase"]
[SourceDate "2021.10.06"]
[SourceVersion "1"]
[SourceVersionDate "2021.10.06"]
[SourceQuality "1"]

1. e4 c5 2. Nf3 d6 3. d4 cxd4 4. Nxd4 Nf6 5. Nc3 a6 6. Be2 e6 7. Be3 Nbd7 8. O-O b5 9. a3 Bb7 10. f3 Be7 11. b4 Rc8 12. Qd2 Qc7 13. Nd1 Ne5 14. a4 bxa4 15. Rxa4 Nc4 16. Bxc4 Qxc4 17. Nb2 Qc7 18. c4 O-O 19. Rc1 d5 20. exd5 exd5 21. c5 Ra8 22. Bf4 Qd8 23. c6 Bc8 24. b5 Bd6 25. c7 Qd7 26. Bxd6 Qxd6 27. Rc6 Qe7 28. b6 Bb7 29. Rc1 Nd7 30. Nc6 Qe6 31. Nd8 Qxb6+ 32. Qd4 Bc8 33. Qxb6 Nxb6 34. Rb4 Nd7 35. Na4 Ra7 36. Rb8 Bb7 37. Rxb7 Ra8 38. c8=Q Rxc8 39. Rxc8 Nf6 40. Rxf7 Rxd8 41. Rxg7+ Kxg7 42. Rxd8 Kg6 43. Nc3 d4 44. Rxd4 Kf5 45. Ra4 h5 46. Rxa6 Ke5 47. Kf2 Kf5 48. Kg3 Kg5 49. Ne4+ Nxe4+ 50. fxe4 h4+ 51. Kh3 Kf4 52. Kxh4 Kxe4 53. g4 Kf4 54. g5 Kf5 55. g6 Kf4 56. g7 Kf5 57. g8=Q Kf4 58. Re6 Kf3 59. Qg3# 1-0

[Event "NAYCC U08"]
[Site "Toronto CAN"]
[Date "2013.08.15"]
[Round "2"]
[White "Kang, Dorian"]
[Black "Guo, Roger"]
[Result "1-0"]
[WhiteElo "1008"]
[BlackElo "636"]
[PlyCount "48"]
[GameId "2160767909250265"]
[EventDate "2013.08.14"]
[EventType "swiss"]
[EventRounds "9"]
[EventCountry "CAN"]
[SourceTitle "EXT 2022"]
[Source "ChessBase"]
[SourceDate "2021.10.06"]
[SourceVersion "1"]
[SourceVersionDate "2021.10.06"]
[SourceQuality "1"]

1. e4 c5 2. Nf3 Nc6 3. d4 cxd4 4. Nxd4 Ne5 5. Bf4 d6 6. Bb5+ Bd7 7. O-O Nf6 8. Re1 Ng6 9. Bg3 e5 10. Bxd7+ Qxd7 11. Nb3 Be7 12. Nc3 O-O 13. Nd5 Nh5 14. Qxh5 h6 15. Nxe7+ Qxe7 16. Rad1 Rad8 17. Nd2 Qe6 18. Nf3 f5 19. Qh3 Nf4 20. Bxf4 exf4 21. exf5 Rxf5 22. Rxe6 Rdf8 23. Rdxd6 R8f6 24. Rxf6 Rxf6 1-0